Escalação do Flamengo na Final da Copa Libertadores da América de 2019 - Statistics

Estatísticas Gerais
  • Esse quiz foi jogado 271 vezes
  • A pontuação média é 13 de 14
Estatísticas das Respostas
Situação Posição Número País Jogador % Correto
Titular Atacante 9 Brasil Gabigol
100%
Titular Meia 14 Uruguai De Arrascaeta
99%
Titular Atacante 27 Brasil Bruno Henrique
98%
Reserva Meia 10 Brasil Diego
96%
Titular Goleiro 1 Brasil Diego Alves
95%
Titular Meia 7 Brasil Éverton Ribeiro
94%
Titular Lateral 21 Brasil Filipe Luís
94%
Titular Volante 15 Brasil Gerson
94%
Titular Zagueiro 24 Espanha Pablo Marí
94%
Titular Zagueiro 3 Brasil Rodrigo Caio
94%
Titular Lateral 18 Brasil Rafinha
93%
Titular Volante 5 Brasil Willian Arão
85%
Reserva Meia 11 Brasil Vitinho
69%
Reserva Volante 25 Paraguai Piris da Motta
59%
Nenhum quiz correspondente encontrado
Distribuição das Pontuações
Porcentagem de Pessoas com Cada Pontuação
Percentil de Números Respondidos
Sua Pontuação Histórica
Você não jogou esse quiz